• 首页
  • 本馆介绍
  • 公告通知
  • 最新文献
  • 馆藏检索
  • 电子资源
  • 读者导购
  • 参考咨询
  • 我的图书馆
  • 登录
  • 详细信息显示
  • 放入我的书架
  • 预约/预借图书
  • 作者相关作品
  • 分类相关作品
  • 丛书相关作品
  • 出版社相关作品

书目信息

  • 表格格式
  • 工作单格式
  • 卡片格式
题名:
仲夏夜之梦
    
 
作者: 莎士比亚 , Shakespeare 著 ;曹未风 译
分册:  
出版信息: 上海   上海译文出版社  1983
页数: 100页
开本: 19cm
丛书名:
单 册:
中图分类: I561.33 , I561.3
科图分类:
主题词: 剧本--英国--中世纪
电子资源:
ISBN:
000 00771nam0 2200277 45
001 0183010434
005 20040409102140.7
010    @dCNY0.35
091    @a10188.435
100    @a19950719d1983 em y0chiy0121 ea
101 1  @achi@ceng
102    @aCN@b310000
105    @af z 000by
106    @ar
200 10 @a仲夏夜之梦@Azhong xia ye zhi meng@f(英)莎士比亚(W.Shakespeare)著@g曹未风译
210    @a上海@c上海译文出版社@d1983
215    @a100页@c图@d19cm
606    @a剧本@y英国@z中世纪
690    @aI561.33@v3
690    @aI561.3
701  1 @a莎士比亚@Asha shi bi ya@bW.@4著
701 A1 @aShakespeare@bW.@4著
702  0 @a曹未风@Acao wei feng@4译
801  0 @aCN@b上海图书馆@c20040409
801  2 @aCN@bNLC@c20040409
905    @f1@b144941@dI561.3@e102
    
    仲夏夜之梦/(英)莎士比亚(W.Shakespeare)著/曹未风译.-上海:上海译文出版社,1983
    100页:图;19cm
    
    
    ISBN :CNY0.35
    
●
相关链接 在E读中查询图书 在五车中查询图书 在当当中查询图书 在豆瓣中查询图书


正题名:仲夏夜之梦     索取号:I561.3/102         预约/预借

序号 登录号 条形码 馆藏地/架位号 状态 备注
1 0102314   000679448   密集书库/ [索取号:I561.3/102] 在馆    
2 0102315   000679297   密集书库/ [索取号:I561.3/102] 在馆    
3 0102316   000679206   第一样本阅览室/ [索取号:I561.3/102] 在馆    
4 0144939   000679233   密集书库/ [索取号:I561.3/102] 在馆    
5 0144940   000679304   密集书库/ [索取号:I561.3/102] 在馆    
6 0144941   000679518   密集书库/ [索取号:I561.3/102] 在馆    
7 0144942   000679493   密集书库/ [索取号:I561.3/102] 在馆    
8 0144943   000679439   密集书库/ [索取号:I561.3/102] 在馆    
唐山师范学院图书馆 欢迎您!
大连网信软件有限公司© 版权所有